01407nam a2200325Ia 4500001001200000003000800012006001900020007001500039008004100054010001700095020001800112040002100130035002100151050002800172245019500200260007900395300001800474504005100492533015200543650004600695650004100741650005000782655002900832700001600861700002200877700002000899710001700919856012600936999001901062ebr10303952CaPaEBRm u cr cn|||||||||080910s2009 enk sb 001 0 eng d z 2008039954 z9781405180726 aCaPaEBRcCaPaEBR a(OCoLC)64779502614aRA418.5.T73bA24 2009eb00aAchieving cultural competencyh[electronic resource] :ba case-based approach to training health professionals /ceditors-in-chief, Lisa Hark, Horace DeLisser ; senior editor, Gail Morrison. aChichester, West Sussex, UK ;aHoboken, NJ, USA :bWiley-Blackwell,c2009. axxxii, 313 p. aIncludes bibliographical references and index. aElectronic reproduction.bPalo Alto, Calif. :cebrary,d2009.nAvailable via World Wide Web.nAccess may be limited to ebrary affiliated libraries. 0aTranscultural medical carevCase studies. 0aPhysician and patientvCase studies. 0aMedical personnelxTraining ofvCase studies. 7aElectronic books.2local1 aHark, Lisa.1 aDeLisser, Horace.1 aMorrison, Gail.2 aebrary, Inc.40uhttp://site.ebrary.com/lib/rucke/Doc?id=10303952zAn electronic book accessible through the World Wide Web; click to view c172845d172845